000 00475nam a2200181Ia 4500
001 25344
005 20260414151143.0
008 260414t2013||||xx |||||||||||||| ||spa||
041 _aESP
082 _a346.5
_bC28
100 _aCárdenas Rodríguez, Luis
_eAUT
245 0 _aPrescripción civil y penal :
_bun enfoque doctrinario y jurisprudencial
260 _c2013
300 _a207 páginas :
_c24 cm.
650 _aDER
654 _aCDE
942 _cLIB
_dJUS
_fJUS
_2ddc
_n
999 _c25344
_d25344